Normal view
MARC view
- Kerr, Judith,
Entry Nombre Personal
001 - NUMERO DE CONTROL
- campo de control: 43512
003 - IDENTIFICADOR DE NUMERO DE CONTROL
- campo de control: UPN
005 - FECHA Y HORA DE LA ÜLTIMA TRANSACCIÓN
- campo de control: 20211125105657.0
008 - DATOS DE LONGITUD FIJA
- campo de control de longitud fija: 211125|g aca||aabn | aaa d
040 ## - FUENTE DE CATALOGACIÓN
- Agencia original de catalogación: UPN
053 #4 - NÚMERO DE CLASIFICACIÓN LC
- Número de clasificación elemento-número único o número inicial de tramo: PR6061 E7.7
100 1# - ENCABEZAMIENTO - NOMBRE PERSONAL
- Nombre personal: Kerr, Judith,
- Fechas asociadas con el nombre: 1923-2019
670 ## - FUENTE EN LA QUE SE LOCALIZARON DATOS
- Cita de la fuente: LC/P
680 ## - NOTA PUBLICA DE ACCESO PÚBLICO
- Frase explicativa de la referencia: Escritora alemana de libros infantiles y juveniles
902 ## - CATALOGADOR
- Catalogador: CAA/251121
